1295 1797 1285 1920 1248 1601 1033 1521 1601 1859 1257 1492 1936 1614 1400 1159 1186 1942 1139 1999 1354 1719 1448 1958 1128 1835 1856 1027 1346 1388 1532 1440 1504 1189 1242 1031 1788 1984 1991 1284 1759 1504 1446 1405 1174 1537 1340 1423 1359 1487 1801 1198 1268 1824 1124 1376 1227 1497 1413 1465 1694 1292 1980 1878 1328 1940 1883 1718 1320 1409 1650 1327 1666 1550 1725 1666 1016 1453 1674 1334 1696 1131 1412 1729 1390 1177 1923 1917 1327 1668 1480 1471 1291 1492 1254 1969 1099 1528 1949 BCNSPRNW ULIB Ver.6.0+V

เปลี่ยนเป็นภาษาไทย

Change to English
 แสดงรายละเอียดบรรณานุกรม
  กลับหน้าหลัก

Brief Record : Get Marc (ISO 2709) : E-mail record : QR code < ปิดหน้าต่าง
LEADER : 00000nam 2200000uu 4500
001    13399110648
003     ULIB
008    110607s2551||||th 000 0 tha d
020    9789749764565
060 04 QT104^bอ313ร
100 0  อรกัญญ์ ภูมิโคกรักษ์
245 10 ระบบร่างกายมนุษย์ =^bHuman body /^cโดย อรกัญญ์ ภูมิโครักษ์; [เรียบเรียงเนื้อหา ทักษิณา กล่อมเกลี้ยง, ปรียนันท์ วงศ์ใหญ่
246 31 Human body
250    พิมพ์ครั้งที่ 1
260    กรุงเทพฯ :^bเอ็มไอเอส,^c2551
300    255 หน้า :^bภาพประกอบสี ;^c30 ซม.
650  7 กายวิภาคศาสตร์
650  7 สรีรวิทยา
700 0  ทักษิณา กล่อมเกลี้ยง
700 0  ปรียนันท์ วงศ์ใหญ่
945    ^p270^l0^i15330
945    ^p270^l0^i15505
945    ^p270^l0^i15331
945    ^p270^l0^i15329
995    กัณชพร
999 ^a ใช้งานได้ทุกระบบ
รายการนี้ยังไม่มีแท็ก
คุณยังไม่ได้ล็อกอิน คุณสามารถมีกิจกรรมร่วมกับเว็บไซต์ได้ แต่ต้องล็อกอินก่อน ::
  ล็อกอิน

รายการสื่อสารสนเทศ

ลำดับที่ ประเภท เลขเรียก/บาร์โค้ด สถานที่ สถานะ
1. วิทยาศาสตร์การแพทย์ และสุขภาพ
วิทยาศาสตร์การแพทย์ และสุขภาพ
QT104 อ313ร  
  Barcode: 15331
ห้องสมุดวิทยาเขตสวรรค์ประชารักษ์
►ส่วนจัดเก็บหนังสือเก่า สปร
บนชั้น
  ขอยืม
2. วิทยาศาสตร์การแพทย์ และสุขภาพ
วิทยาศาสตร์การแพทย์ และสุขภาพ
QT104 อ313ร ฉ.2 
  Barcode: 15329
ห้องสมุดวิทยาเขตสวรรค์ประชารักษ์
►ส่วนจัดเก็บหนังสือเก่า สปร
บนชั้น
  ขอยืม
3. วิทยาศาสตร์การแพทย์ และสุขภาพ
วิทยาศาสตร์การแพทย์ และสุขภาพ
QT104 อ313ร ฉ.3 
  Barcode: 15505
ห้องสมุดวิทยาเขตสวรรค์ประชารักษ์
►ส่วนจัดเก็บหนังสือเก่า สปร
บนชั้น
  ขอยืม
4. วิทยาศาสตร์การแพทย์ และสุขภาพ
วิทยาศาสตร์การแพทย์ และสุขภาพ
QT104 อ313ร ฉ.4 
  Barcode: 15330
ห้องสมุดวิทยาเขตสวรรค์ประชารักษ์
►ส่วนจัดเก็บหนังสือเก่า สปร
บนชั้น
  ขอยืม

รายการใกล้เคียง
    ผู้แต่ง [อรกัญญ์ ภูมิโคกรักษ์]

    หัวเรื่อง [กายวิภาคศาสตร์]
    หัวเรื่อง [สรีรวิทยา]

BibComment


ยังไม่เคยถูกคอมเมนท์

คอมเมนท์ทรัพยากรรายการนี้
  คอมเมนท์: ระบบร่างกายมนุษย์..


 Copyright 2026. Bcnsprnw @Library